Dạy con làm giàu

Shranjeno v:
Bibliografske podrobnosti
Glavni avtor: Kiyosaki, Robert T.
Format: Knjiga
Jezik:Undetermined
Izdano: Thành phố Hồ Chí Minh Trẻ 2006
Teme:
Oznake: Označite
Brez oznak, prvi označite!
Thư viện lưu trữ: Trung tâm Học liệu Trường Đại học Cần Thơ
LEADER 00557nam a2200193Ia 4500
001 CTU_101302
008 210402s9999 xx 000 0 und d
020 |c 42000 
082 |a 650.1 
082 |b K62/T.5 
100 |a Kiyosaki, Robert T. 
245 0 |a Dạy con làm giàu 
245 0 |c Robert T. Kiyosaki, Sharon L. Lechter; Thiên Kim dịch 
260 |a Thành phố Hồ Chí Minh 
260 |b Trẻ 
260 |c 2006 
650 |a Success in business 
904 |i Tuyến 
980 |a Trung tâm Học liệu Trường Đại học Cần Thơ